00498nam a22001577a 450000500170000001000150001702000110003203500140004303700130005708200080007010000180007824500310009626000650012727001270019230000210031920220601100858.0 aENG-132898 c200.00 aEN-116430 bDBAD/PUB a233 aSai, Vasantha aShiva Sutra/cVasantha Sai aTamil NadubSri Vasanthasai Books & Publications Trustc2008 aRoyapalayam Village B.O. Tirumangalam S.O. Madurai-Virudhunagar Road, MaduraibTamil Nadue625706mmukthinilayam@gmail.com a251p.c22cm(pbk)